Realizácia marketingovej komunikácie v podnikoch správajúcich sa podľa zásad TQM
Pojem komunikácia. Marketingová komunikácia so zákazníkom ako súčasť externej komunikácie firmy.Vytvorenie komplexného programu účinnej komunikácie a propagácie - postupnosť krokov. Kvalita komunikačného systému ako činiteľa ovplyvňujúceho konkurencieschopnosť malých a stredných firiem. Niektoré inf...
Enregistré dans:
| Auteur principal: | |
|---|---|
| Format: | Chapitre de livre |
| Langue: | slovaque |
| Sujets: | |
| Tags: |
Pas de tags, Soyez le premier à ajouter un tag!
|
MARC
| LEADER | 00000naa$a2200000$$$4500 | ||
|---|---|---|---|
| 001 | 0007610 | ||
| 005 | 20231011134618.2 | ||
| 041 | 0 | |a slo | |
| 044 | |a SK | ||
| 245 | 1 | 0 | |a Realizácia marketingovej komunikácie v podnikoch správajúcich sa podľa zásad TQM |c aut. Jarmila Šalgovičová |
| 520 | |a Pojem komunikácia. Marketingová komunikácia so zákazníkom ako súčasť externej komunikácie firmy.Vytvorenie komplexného programu účinnej komunikácie a propagácie - postupnosť krokov. Kvalita komunikačného systému ako činiteľa ovplyvňujúceho konkurencieschopnosť malých a stredných firiem. Niektoré informácie z uskutočneného prieskumu. | ||
| 610 | 2 | 0 | |a komunikácia marketingová |
| 610 | 2 | 0 | |a komunikácia |
| 610 | 2 | 0 | |a programy |
| 610 | 2 | 0 | |a firmy |
| 610 | 2 | 0 | |a výskum |
| 100 | 1 | |a Šalgovičová, Jarmila | |